| 000 | 00384nam a22001697a 4500 | ||
|---|---|---|---|
| 005 | 20160521110443.0 | ||
| 008 | 160521b xxu||||| |||| 00| 0 eng d | ||
| 020 | _a81-7008-334-4 | ||
| 041 | _aeng | ||
| 082 | _b3713 | ||
| 100 |
_aM.S Yadav _9933 |
||
| 245 | _aStay ahead in Chemistry | ||
| 260 | _bLaxmi Pub. | ||
| 300 | _a257 | ||
| 650 |
_aDIPLOMA ENGINEERING _9817 |
||
| 942 | _cBK | ||
| 999 |
_c1273 _d1273 |
||